[Event "Alesund Grand Prix B"]
[Site "Alesund"]
[Date "2018.04.08"]
[Round "5"]
[White "Nybo, Erling"]
[Black "Murugesh, Niran Jan"]
[Result "1-0"]
[WhiteElo "1768"]
[BlackElo "1542"]
[PlyCount "115"]
[EventDate "2018.04.07"]
[EventType "swiss"]
[EventRounds "6"]
[EventCountry "NOR"]
[SourceTitle "EXT 2024"]
[Source "ChessBase"]
[SourceDate "2023.10.10"]
[SourceVersion "1"]
[SourceVersionDate "2023.10.10"]
[SourceQuality "1"]

1. e4 Nc6 2. d4 e5 3. d5 Nce7 4. Bg5 f6 5. Bh4 Ng6 6. Nf3 Bc5 7. Nc3 Nh6 8. h3 Nxh4 9. Nxh4 a6 10. Bc4 d6 11. a3 Qe7 12. Qh5+ Qf7 13. Qxf7+ Kxf7 14. Rf1 g5 15. Nf3 Ng8 16. 0-0-0 b5 17. Ba2 h5 18. Nd2 Ne7 19. h4 Bd7 20. hxg5 fxg5 21. Nf3 Kg6 22. b4 Bb6 23. Ne2 a5 24. Kb2 axb4 25. axb4 Ra4 26. c3 Rha8 27. Bb3 R4a7 28. Rd3 Rf8 29. g3 Bg4 30. Neg1 Ng8 31. Nh2 Rxf2+ 32. Rxf2 Bxf2 33. Nxg4 Bxg1 34. Nxe5+ dxe5 35. d6 cxd6 36. Bxg8 Ra6 37. Be6 Ba7 38. Bd7 Rb6 39. Rd5 Kf6 40. Bxb5 Rxb5 41. Rxb5 h4 42. gxh4 gxh4 43. Ra5 Bf2 44. Kb3 h3 45. Ra1 h2 46. Rf1 Kg5 47. Rh1 Bg1 48. b5 Kg4 49. Kc4 Kg3 50. Kd5 Bc5 51. c4 Kg2 52. Rxh2+ Kxh2 53. b6 Kg3 54. b7 Ba7 55. Kxd6 Bb8+ 56. Kd7 Kf4 57. c5 Kxe4 58. c6 1-0

[Event "Alesund Grand Prix B"]
[Site "Alesund"]
[Date "2018.04.07"]
[Round "4"]
[White "Gjare, Vidar"]
[Black "Nybo, Erling"]
[Result "1-0"]
[WhiteElo "1624"]
[BlackElo "1768"]
[PlyCount "67"]
[EventDate "2018.04.07"]
[EventType "swiss"]
[EventRounds "6"]
[EventCountry "NOR"]
[SourceTitle "EXT 2024"]
[Source "ChessBase"]
[SourceDate "2023.10.10"]
[SourceVersion "1"]
[SourceVersionDate "2023.10.10"]
[SourceQuality "1"]

1. d4 Nf6 2. Bf4 d6 3. Nd2 g6 4. e4 Bg7 5. Ngf3 Nc6 6. c3 Nh5 7. Bg3 e5 8. dxe5 Nxg3 9. hxg3 Nxe5 10. Nxe5 dxe5 11. Qb3 Qf6 12. Bc4 b6 13. 0-0-0 0-0 14. Rdf1 Bb7 15. f4 Qe7 16. f5 Rad8 17. Qd1 Qg5 18. Kc2 gxf5 19. Bd5 Bxd5 20. exd5 Rxd5 21. Nf3 Rxd1 22. Nxg5 Rxf1 23. Rxf1 h6 24. Nh3 Kh7 25. Rxf5 Kg6 26. g4 Rd8 27. a3 c6 28. Nf2 Rh8 29. Ne4 h5 30. Rg5+ Kh7 31. gxh5 Rf8 32. Rf5 f6 33. g4 Bh8 34. g5 1-0